Green book worldwide directory of focus group companies and services 2011/2012.

Bibliographic Details
Format: Book
Published: New York: AMA Communciations Services, 2011.
Subjects:
LEADER 00779cam a2200193 7i4500
001 0000026114
005 20110713090000.0
022 0 0 |a 8756534X 
090 0 0 |a USA 658.830025   |b GRE 
245 0 0 |a Green book worldwide directory of focus group companies and services 2011/2012. 
260 0 0 |a New York:   |b AMA Communciations Services,   |c 2011. 
300 # # |a 524 p. 
500 0 0 |a Library has volume 1 and volume 2 
650 0 0 |a Marketing research --   |x Directories  
650 0 0 |a Market surveys --   |x Directories  
650 0 0 |a Focused group interviewing --   |x Directories --   |z United States of America  
650 0 0 |a Research services --   |x Directories  
999 |a B000028548  |b Directories  |c Countries  |e Business Information Centre 
999 |a B000028547  |b Directories  |c Countries  |e Business Information Centre